| 000 | 00579nam a2200181 i 4500 | ||
|---|---|---|---|
| 001 | 78566 | ||
| 003 | ES-MaACL | ||
| 005 | 20230906173740.0 | ||
| 007 | t| | ||
| 008 | 041014s1963 sp ||||1| spa d | ||
| 100 | 1 |
_aHearne, John. _962245 |
|
| 245 | 1 | 3 |
_aLa tierra del vivir / _cpor John Hearne ; traducción del inglés por Antonio García Canals y Montserrat Pelegri. |
| 260 |
_aBarcelona : _bVergara, _c[1963] |
||
| 300 |
_a294 p. ; _c21 cm. |
||
| 700 | 1 |
_aGarcía Canals, Antonio. _954329 |
|
| 700 | 1 |
_aPelegrí, Montserrat. _9142172 |
|
| 852 |
_aES-MaACL _jC-23676 _bR.52402 |
||
| 999 |
_c78566 _d78566 |
||